|
|
|
|
| LEADER |
01173cam a2200325 7i4500 |
| 001 |
0000072820 |
| 005 |
20251113090000.0 |
| 008 |
250303t2024 my a g may |
| 020 |
# |
# |
|a 9786294930353
|
| 040 |
# |
# |
|a ELMU
|
| 082 |
0 |
4 |
|a 158.1
|
| 090 |
0 |
0 |
|a 158.1
|b GRA
|
| 100 |
1 |
# |
|a Grant, Adam
|e author
|
| 245 |
1 |
0 |
|a HIDDEN POTENTIAL :
|b Seni Mencapai Kejayaan yang Luar Biasa /
|c ADAM GRANT ; Editor: Muhammad Ezam Affan bin Mohd Asri ; Penterjemah Rafiza Ab. Rahman.
|
| 250 |
# |
# |
|a EDISI BAHASA MALAYSIA.
|
| 264 |
# |
1 |
|a Batu Caves, Selangor
|b PTS PUBLISHING HOUSE SENDIRIAN BERHAD
|c 2024
|
| 300 |
# |
# |
|a xxxvi, 314 pages:
|b charts, illustrations, photographs;
|c 23cm.
|
| 336 |
# |
# |
|a text
|2 rdacontent
|
| 337 |
# |
# |
|a unmediated
|2 rdamedia
|
| 338 |
# |
# |
|a volume
|2 rdacarrier
|
| 583 |
# |
# |
|a LULUS
|
| 650 |
2 |
0 |
|a Motivation (Psychology)
|
| 650 |
1 |
0 |
|a Self-actualization (Psychology)
|
| 650 |
2 |
0 |
|a Success
|
| 700 |
0 |
# |
|a Rafiza Ab. Rahman
|
| 700 |
0 |
# |
|a Muhammad Ezam Affan Mohd. Asri
|
| 997 |
# |
# |
|a ELMU BK
|
| 998 |
# |
# |
|a 5000016708 1000075942
|
| 999 |
|
|
|a 1000075942
|b BOOK
|c Main Non-Fiction
|e BK- Koleksi INTAN - Aras 1
|
| 999 |
|
|
|a 5000016708
|b BOOK
|c Main Non-Fiction
|e INTAN Jalan Elmu
|